书目信息 |
| 题名: |
混凝土结构及砌体结构 下
|
|
| 作者: | 罗福午 , 方鄂华 , 叶知满 编著 | |
| 分册: | 下册 | |
| 出版信息: | 北京 中国建筑工业出版社 2003.08 |
|
| 页数: | 388页 | |
| 开本: | 24cm | |
| 丛书名: | ||
| 单 册: | ||
| 中图分类: | TU37 | |
| 科图分类: | ||
| 主题词: | 混凝土结构--高等学校--教材 , 砌块结构--高等学校--教材 | |
| 电子资源: | ||
| ISBN: | 7-112-05800-7 | |
| 000 | 00960nam0 2200277 45 | |
| 001 | 1235865351 | |
| 005 | 20170220160721.20 | |
| 010 | @a7-112-05800-7@dCNY 39.00 | |
| 100 | @a20041024e2003 em y0chiy0121 ea | |
| 101 | 0 | @achi |
| 102 | @aCN@b110000 | |
| 105 | @aak z 000yy | |
| 200 | 1 | @a混凝土结构及砌体结构 下@Ahun ning tu jie gou ji qi ti jie gou xia@h下册@f罗福午, 方鄂华, 叶知满编著 |
| 205 | @a第二版 | |
| 210 | @a北京@c中国建筑工业出版社@d2003.08@h2004重印 | |
| 215 | @a388页@c图, 表格@d24cm | |
| 300 | @a北京市高等教育精品教材立项项目, 普通高等教育土建学科专业“十五”规划教材, 高校土木工程专业指导委员会规划推荐教材 | |
| 320 | @a本书第388页附参考文献。 | |
| 606 | 0 | @a混凝土结构@x高等学校@j教材 |
| 606 | 0 | @a砌块结构@x高等学校@j教材 |
| 690 | @aTU37@v4 | |
| 701 | 0 | @a罗福午@Aluo fu wu@4编著 |
| 701 | 0 | @a方鄂华@Afang e hua@4编著 |
| 701 | 0 | @a叶知满@Aye zhi man@4编著 |
| 801 | 0 | @aCN@bQSSK3@c20041130 |
| 905 | @a10447@dTU37@eL930:2=2 | |
| 混凝土结构及砌体结构 下.下册/罗福午, 方鄂华, 叶知满编著.-第二版.-北京:中国建筑工业出版社,2003.08(2004重印) |
| 388页:图, 表格;24cm |
| 北京市高等教育精品教材立项项目, 普通高等教育土建学科专业“十五”规划教材, 高校土木工程专业指导委员会规划推荐教材 |
| ISBN 7-112-05800-7:CNY 39.00 |
| ● |
| 相关链接 |
|
|
|
正题名:混凝土结构及砌体结构 下
索取号:TU37/L930:2=2
 
预约/预借
| 序号 | 登录号 | 条形码 | 馆藏地/架位号 | 状态 | 备注 |
| 1 | 1239280 | 212392800 | 土木与交通工程学院资料室/ [索取号:TU37/L930:2=2] | 在馆 | |
| 2 | 485897 | 204858975 | 土木与交通工程学院资料室/ [索取号:TU37/L930:2=2] | 在馆 |